00697nam a2200193 i 450000100060000000300090000600500170001500700030003200800410003510000290007624501040010526000390020930000360024865000340028470000270031885200210034599900170036695201200038387323ES-MaACL20230906175640.0t|041221s1910 gw ||||1| ger d1 aKraus, Friedrich.96874914aDas elektrokardiogramm des gesunden und kranken menschen / cvon Friedrich Kraus und Georg Nicolai. aLeipzig : bVeit und Camp, c1910. aXXII, 322 p. : bil. ; c23 cm. 4aElectrocardiología.91624031 aNicolai, Georg.985555 aES-MaACLjF-8714 c87323d87323 00104070aATENEOMbATENEOMcSPP2d2008-01-17eSCl0oF-8714p1091230r2023-02-23 00:00:00w2023-02-23yMONOGRAFIA